साम्राज्यवादी वैश्वीकरण भारत पर अभूतपूर्व हमला (Record no. 29295)
[ view plain ]
| 000 -LEADER | |
|---|---|
| fixed length control field | 00443nam a22001337a 4500 |
| 003 - CONTROL NUMBER IDENTIFIER | |
| control field | SGT |
| 020 ## - INTERNATIONAL STANDARD BOOK NUMBER | |
| International Standard Book Number | 8188293180 |
| 082 ## - DEWEY DECIMAL CLASSIFICATION NUMBER | |
| Classification number | 954 |
| Item number | S02A |
| 100 ## - MAIN ENTRY--PERSONAL NAME | |
| Personal name | अरविन्द |
| 245 ## - TITLE STATEMENT | |
| Title | साम्राज्यवादी वैश्वीकरण भारत पर अभूतपूर्व हमला |
| 260 ## - PUBLICATION, DISTRIBUTION, ETC. (IMPRINT) | |
| Name of publisher, distributor, etc | न्यू विस्टास पब्लिकेशंस |
| Year of Publication | 2002 |
| 300 ## - PAGE DESCRIPTION | |
| No. of Pages | 285 |
| 942 ## - ADDED ENTRY ELEMENTS (KOHA) | |
| Source of classification or shelving scheme | Dewey Decimal Classification |
| Koha item type | Books |
| Withdrawn status | Lost status | Source of classification or shelving scheme | Damaged status | Not for loan | Home library | Current library | Shelving location | Date acquired | Cost, normal purchase price | SGTU | Total Checkouts | Full call number | Accession No. (Barcode) | Date last seen | Bill Date | Koha item type |
|---|---|---|---|---|---|---|---|---|---|---|---|---|---|---|---|---|
| Dewey Decimal Classification | Not For Loan | SGT Chancellor's Library | SGT Chancellor's Library | Reference Book | 23/01/2025 | 100.00 | SGTU | 954 S02A | CH1947 | 23/01/2025 | 23/01/2025 | Books |